|
|
|
|
| LEADER |
01419nam a2200385 a 4500 |
| 001 |
EBC1341906 |
| 003 |
MiAaPQ |
| 005 |
20200520144314.0 |
| 006 |
m o d | |
| 007 |
cr cn||||||||| |
| 008 |
130829s2013 enk sb 000 0 eng d |
| 020 |
|
|
|z 9781781908860
|
| 020 |
|
|
|a 9781781908877 (electronic bk.)
|
| 035 |
|
|
|a (MiAaPQ)EBC1341906
|
| 035 |
|
|
|a (Au-PeEL)EBL1341906
|
| 035 |
|
|
|a (CaPaEBR)ebr10747359
|
| 035 |
|
|
|a (CaONFJC)MIL510211
|
| 035 |
|
|
|a (OCoLC)855894333
|
| 040 |
|
|
|a MiAaPQ
|c MiAaPQ
|d MiAaPQ
|
| 050 |
|
4 |
|a HD58.9
|b .B85 2013
|
| 082 |
0 |
4 |
|a 302.35000000000002
|2 23
|
| 245 |
0 |
0 |
|a Building networks and partnerships
|h [electronic resource] /
|c edited by Christopher G. Worley, Philip H. Mirvis.
|
| 250 |
|
|
|a 1st ed.
|
| 260 |
|
|
|a Bingley, U.K. :
|b Emerald,
|c 2013.
|
| 300 |
|
|
|a xvii, 301 p.
|
| 440 |
|
0 |
|a Organizing for sustainable effectiveness,
|x 2045-0605 ;
|v v. 3
|
| 504 |
|
|
|a Includes bibliographical references.
|
| 533 |
|
|
|a Electronic reproduction. Ann Arbor, MI : ProQuest, 2015. Available via World Wide Web. Access may be limited to ProQuest affiliated libraries.
|
| 650 |
|
0 |
|a Organizational effectiveness.
|
| 650 |
|
0 |
|a Business networks.
|
| 655 |
|
4 |
|a Electronic books.
|
| 700 |
1 |
|
|a Worley, Christopher G.
|
| 700 |
1 |
|
|a Mirvis, Philip H.
|
| 710 |
2 |
|
|a ProQuest (Firm)
|
| 856 |
4 |
0 |
|u https://ebookcentral.proquest.com/lib/matrademy/detail.action?docID=1341906
|z Click to View
|